000 00631nam a2200241Ia 4500
003 OSt
005 20220924123357.0
006 a|||||r|||| 00| 0
007 ta
008 220923b |||||||| |||| 00| 0 mar d
024 _a266419
037 _cTextual
040 _aARTS
_cARTS
_bmar
041 _2mar
_amar
082 _aY15, 155L8
100 _aKulkarni Gopal Dutta
_9192587
245 0 _aSatri
260 _aNaded
_bSharda Prakashan India
_c1978
300 _a241p.
_ccm.
650 _aGUJRATI LITERATURE
942 _hY15, 155L8
_cTEXL
_2CC
999 _c415474
_d415474